Statystyki dla Czy rozpoznasz sportowca po jego opisie i osiągnięciach?

Kliknij tutaj aby rozwiązać quiz!

Ogólne statystyki

  • Ten quiz został rozwiązany 600 razy
  • Średni wynik to 14 z 17

Statystyki odpowiedzi

OpisNazwa% Poprawnych
Piłkarz występujący na pozycji pomocnika lub napastnika we francuskim klubie Paris Saint-Germain.Najdroższy piłkarz w historii futbolu.Neymar
96%
Skoczek narciarski, czterokrotny olimpijczyk. W sezonie 2017/2018 jako drugi zawodnik w historii odniósł zwycięstwa we wszystkich czterech konkursach Turnieju Czterech Skoczni.Kamil Stoch
89%
Piłkarz rozpoczynający w Agrykoli Warszawa, grał w takich wielkich klubach jak Arsenal czy AS Roma, dziś natomiast gra w Turynie wraz z Cristiano Ronaldo.Wojciech Szczęsny
88%
Jedyny Polak w historii NBA, kibic ŁKS-u i Manchasteru United, zakończył swoją karierę w Los Angeles Clippers.Marcin Gortat
87%
Piłkarz, trener, działacz piłkarski i biznesmen. Były selekcjoner reprezentacji Polski w piłce nożnej. Od 2012 prezes Polskiego Związku Piłki Nożnej, a od 5 kwietnia 2017, także członek Komitetu Wykonawczego UEFA.Zbigniew Boniek
85%
Były francuski piłkarz pochodzenia algierskiego, występował na pozycji pomocnika. Znany ze swojego ataku przeciwnika w klatkę piersiową głową. Dziś pełni funkcję trenera w Realu Madryt.Zinédine Zidane
85%
Siatkarz grający na pozycji atakującego i przyjmującego. Złoty medalista z Mistrzostw Świata 2018, a także MVP tego turnieju. W 2018 został uznany przez Europejską Konfederację Siatkówki za najlepszego siatkarza roku 2018.Bartosz Kurek
82%
Piłkarz występujący na pozycji napastnika w jednym z topowych hiszpańskich klubów. Znany ze swojego gryzienia przeciwników. Otrzymał nagrodę dla najlepszego zawodnika turnieju Copa America 2011.Luis Suarez
82%
Kierowca wyścigowy i rajdowy. Od sezonu 2019 kierowca wyścigowy Formuły 1 zespołu Williams. Mistrz Formuły Renault 3.5 z 2005.Robert Kubica
80%
23 - letni piłkarz, swoją piłkarską karierę rozpoczynał w Niemczance dziś zaś gra w AC Milanie na pozycji napastnika.Krzysztof Piątek
78%
Hiszpański piłkarz, uznawany jest za tego którego można kochać lub nienawidzić i nie można być mu obojętnym będąc fanem piłki nożnej. Jego osiągnięciami są m. in. najlepszy obrońca na świecie poniżej 20. roku życia według UEFA oraz najlepszy zawodnik La Liga poniżej 20. roku życia według UEFA.Sergio Ramos
78%
Lekkoatleta, piłkarz, sprinter, ośmiokrotny mistrz olimpijski z Pekinu, Londynu oraz Rio de Janeiro, jedenastokrotny mistrz, dwukrotny wicemistrz oraz brązowy medalista Mistrzostw świata. Obecny rekordzista świata w sprincie na dystansie 100 i 200 m.Usain Bolt
78%
Biegaczka narciarska, mistrzyni i multimedalistka olimpijska i mistrzostw świata, czterokrotna zdobywczyni Pucharu Świata.Justyna Kowalczyk
75%
Amerykański koszykarz - zaczął swoją karierę w Cleveland, następnie w Miami potem ponownie grał w koszulkach Cavaliers. Dziś gra w Los Angeles, jest uważany za najlepszego koszykarza na świecie ówczesnej koszykówki.LeBron James
72%
Tenisista, wieloletni lider rankingu ATP, wicemistrz olimpijski w grze pojedynczej z Londynu, mistrz olimpijski w grze podwójnej z Pekinu, zdobywca Pucharu Davisa 2014.Roger Federer
72%
Bokser, w latach 1986-90 i 1996 był niekwestionowanym mistrzem świata wagi ciężkiej. Uznawany jest za legendę boksu. Przez 6 lat siedział w więzieniu.Mike Tyson
66%
Golfista. Uznawany za jednego z najważniejszych przedstawicieli tej dyscypliny. Numer 1 na wszystkich listach rankingowych.Tiger Woods
64%

Rozkład punktacji

Percentyl według liczby udzielonych odpowiedzi

Procent ludzi z każdym wynikiem

Twoja historia wyników

Nie rozwiązałeś tego quizu